Geboren in Nordhausen - Statistiken

Allgemein
  • Dieses Quiz wurde 11 mal gespielt
    6 seit der letzten Aktualisierung
  • Das Durchschnittsergebnis liegt bei 2 aus 6
Antwortstatistiken
Hinweis Antwort % Korrekt
CDU-Politiker und letzter Ministerpräsident der DDR 1940 Lothar de Maizière
67%
SPD-Politikerin, Oberbürgermeisterin von Nordhausen von 1994 bis 2012 und Präses der EKD von 2003 bis 2009 1947 Barbara Rinke
50%
Fußballtrainer des SV Elversberg seit 2025 1986 Vincent Wagner
33%
ehemalige Hochspringerin und Vizeweltmeisterin bei den Weltmeisterschaften 2009 in Berlin 1984 Ariane Friedrich
17%
Erfinder des Zeigertelegraphen 1817 August Kramer
17%
Schriftsteller, "Altherrensommer" "Der große Filou" 1912 Rudolf Hagelstange
17%
Keine übereinstimmenden Quizze gefunden
Verteilung der Resultate
Anzahl Personen mit jedem Resultat
Perzentil nach korrekt beantworteten Fragen
Ihre Resultats-Entwicklung
Sie haben dieses Quiz seit der letzten Aktualisierung nicht gespielt